[Event "40th Olympiad Women"]
[Site "Istanbul TUR"]
[Date "2012.09.09"]
[Round "11.4"]
[Board "2"]
[White "Tania, Sachdev"]
[Black "Milliet, Sophie"]
[Result "1/2-1/2"]
[WhiteTitle "IM"]
[BlackTitle "IM"]
[WhiteElo "2379"]
[BlackElo "2411"]
[WhiteTeam "India"]
[BlackTeam "France"]
[WhiteFideId "5007844"]
[BlackFideId "623725"]
[EventDate "2012.08.28"]

1. d4 Nf6 2. c4 e6 3. Nf3 b6 4. g3 Bb7 5. Bg2 Be7 6. O-O O-O 7. Re1 Ne4 8. Nfd2
d5 9. Nc3 f5 10. Ndxe4 dxe4 11. f3 Bf6 12. e3 exf3 13. Bxf3 Nc6 14. b3 Qc8 15.
Bb2 Rd8 16. Qe2 Nb4 17. Bxb7 Qxb7 18. a3 Nc6 19. Qg2 Na5 20. Qxb7 Nxb7 21. Rab1
Na5 22. Nb5 Rd7 23. d5 Bxb2 24. Rxb2 exd5 25. cxd5 c6 26. dxc6 Nxc6 27. Rc1 Ne5
28. Rbc2 Rad8 29. Nd4 g6 30. h3 Nd3 31. Rd1 Nc5 32. Rdc1 Re8 33. b4 Nd3 34. Rc8
Re7 35. R1c3 Rxc8 36. Rxc8+ Kf7 37. Nc2 Kf6 38. Rc3 Ne5 39. Nd4 Rd7 40. Kf2 h5
41. Rc8 Re7 42. Nc6 Nxc6 43. Rxc6+ Re6 44. Rc7 Re7 45. Rc6+ Re6 46. Rc7 Re7 1/2-1/2

[Event "40th Olympiad Women"]
[Site "Istanbul TUR"]
[Date "2012.09.09"]
[Round "11.4"]
[Board "3"]
[White "Maisuradze, Nino"]
[Black "Gomes, Mary Ann"]
[Result "1-0"]
[WhiteTitle "WGM"]
[BlackTitle "WGM"]
[WhiteElo "2284"]
[BlackElo "2396"]
[WhiteTeam "France"]
[BlackTeam "India"]
[WhiteFideId "13601717"]
[BlackFideId "5013623"]
[EventDate "2012.08.28"]

1. d4 Nf6 2. c4 e6 3. Nc3 Bb4 4. Qc2 O-O 5. a3 Bxc3+ 6. Qxc3 b6 7. Bg5 Bb7 8. e3
d6 9. Ne2 Nbd7 10. Qc2 h6 11. Bh4 c5 12. Rd1 Qc7 13. Nc3 a6 14. Bg3 Rfd8 15. f3
cxd4 16. Rxd4 e5 17. Rd2 d5 18. cxd5 Nxd5 19. Nxd5 Qxc2 20. Ne7+ Kf8 21. Rxc2
Kxe7 22. Rc7 Bd5 23. Bxe5 f6 24. Bd4 Kd6 25. Rc2 Rdc8 26. Rxc8 Rxc8 27. Kd2 a5
28. Bd3 Nc5 29. Bxc5+ bxc5 30. Kc3 Rb8 31. Bc2 Be6 32. Rd1+ Ke7 33. e4 g5 34. g3
Bf7 35. Ba4 Be6 36. Rd3 h5 37. f4 gxf4 38. gxf4 Rg8 39. Rg3 Rd8 40. Rd3 Rg8 41.
f5 Bc8 42. Rd5 Rg2 43. Rxc5 Kd8 44. Rc6 Bb7 45. Rxf6 Bxe4 46. Rd6+ Kc7 47. Rd7+
Kc8 48. f6 Rf2 49. Rf7 Bg6 50. Rf8+ Kc7 51. Be8 Bxe8 52. Rxe8 Rxf6 53. Re5 Rf3+
54. Kc4 Rh3 55. Rxa5 Rxh2 56. b4 h4 57. Rh5 Ra2 58. Kb3 Rh2 59. Rh6 h3 60. Ka4
Rh1 61. Ka5 h2 62. a4 Kb7 63. b5 Rg1 64. Rh7+ Kb8 65. Rxh2 Rg7 66. b6 Kb7 67.
Rh5 Rf7 68. Kb5 Rf1 69. Rh7+ Kb8 70. a5 Rg1 71. Rh8+ 1-0

[Event "40th Olympiad Women"]
[Site "Istanbul TUR"]
[Date "2012.09.09"]
[Round "11.4"]
[Board "4"]
[White "Soumya, Swaminathan"]
[Black "Bollengier, Andreea"]
[Result "1-0"]
[WhiteTitle "WGM"]
[BlackTitle "WIM"]
[WhiteElo "2271"]
[BlackElo "2253"]
[WhiteTeam "India"]
[BlackTeam "France"]
[WhiteFideId "5016193"]
[BlackFideId "1203347"]
[EventDate "2012.08.28"]

1. e4 c5 2. Nf3 Nc6 3. d4 cxd4 4. Nxd4 g6 5. Nc3 Bg7 6. Be3 Nf6 7. Bc4 O-O 8.
Bb3 d6 9. f3 Bd7 10. Qd2 Nxd4 11. Bxd4 b5 12. a4 b4 13. Nd5 Nxd5 14. Bxg7 Kxg7
15. exd5 Qb6 16. h4 h5 17. O-O-O Qa5 18. Qd4+ Kg8 19. g4 Bxa4 20. Kb1 Bxb3 21.
cxb3 Qc5 22. Qe4 a5 23. gxh5 a4 24. Rhg1 axb3 25. hxg6 Qc2+ 26. Qxc2 Ra1+ 27.
Kxa1 bxc2 28. gxf7+ Kxf7 29. Ka2 cxd1=Q 30. Rxd1 Kg6 31. Re1 Rxf3 32. Rxe7 Rh3
33. Re6+ Kf5 34. Rxd6 Ke5 35. Rd8 Rxh4 36. Kb3 Rd4 37. Ka4 Ke4 38. b3 Kd3 39. d6
Ke4 40. d7 Kd3 41. Kb5 Ke2 42. Rc8 Rxd7 43. Kxb4 Kd3 44. Ka5 Rd5+ 45. Ka4 Kd4
46. b4 Rh5 47. b5 Rh1 48. b6 Rb1 49. Ka5 Kd5 50. Ka6 Kd6 51. b7 Ra1+ 52. Kb6
Rb1+ 53. Ka7 Ra1+ 54. Kb8 Kd7 55. Rc7+ Kd8 56. Rc2 Kd7 57. Rd2+ 1-0

[Event "40th Olympiad Women"]
[Site "Istanbul TUR"]
[Date "2012.09.09"]
[Round "11.5"]
[Board "2"]
[White "Mkrtchian, Lilit"]
[Black "Rajlich, Iweta"]
[Result "1-0"]
[WhiteTitle "IM"]
[BlackTitle "IM"]
[WhiteElo "2454"]
[BlackElo "2412"]
[WhiteTeam "Armenia"]
[BlackTeam "Poland"]
[WhiteFideId "13300601"]
[BlackFideId "1108166"]
[EventDate "2012.08.28"]

1. c4 Nc6 2. Nc3 e5 3. g3 f5 4. Bg2 Nf6 5. e3 d6 6. Nge2 Be6 7. Nd5 e4 8. Nef4
Bf7 9. d3 Ne5 10. O-O g5 11. Nxf6+ Qxf6 12. Nd5 Bxd5 13. cxd5 exd3 14. f4 gxf4
15. exf4 Ng4 16. Qxd3 Bg7 17. Rd1 O-O 18. h3 Nh6 19. Rb1 Rae8 20. Be3 Rf7 21.
Bf2 Rfe7 22. Rd2 Qg6 23. Rc1 Qh5 24. Qf3 Qf7 25. Rdc2 Kh8 26. b3 Ng8 27. Qd3 a6
28. Rc4 h5 29. Bf3 h4 30. g4 b5 31. Rd4 fxg4 32. hxg4 Nh6 33. Kg2 h3+ 34. Kxh3
Kg8 35. Rh1 Bxd4 36. Qxd4 Qg6 37. Kg2 Rh7 38. Rh5 Nf7 39. Rxh7 Kxh7 40. Qc3 Re7
41. Bh4 b4 42. Qc1 Re4 43. Bf2 a5 44. Bxe4 Qxe4+ 45. Kg3 Qd3+ 46. Be3 Kg8 47.
Qd2 Qf1 48. Bd4 Qh1 49. Bf2 Qe4 50. Be3 Nh6 51. Qd4 Qg6 52. Qd1 Nf5+ 53. Kf2 Ne7
54. Kf3 Qh7 55. Bf2 Kf8 56. Kg3 Qg6 57. Kf3 Qh7 58. Ke3 Qh3+ 59. Ke4 Qg2+ 60.
Qf3 Qf1 61. f5 c6 62. dxc6 Qb5 63. Qd3 Qxc6+ 64. Kf4 Nd5+ 65. Kf3 Nc3+ 66. Ke3
Nxa2 67. Bg3 d5 68. f6 Qe6+ 69. Kd2 Nc3 70. Bh4 Qxg4 71. Bf2 Qg2 72. Ke3 Qh3+
73. Kd4 Qg4+ 74. Ke5 Qe4+ 75. Qxe4 dxe4 76. Ke6 e3 77. Bxe3 Ne4 78. Bh6+ 1-0

[Event "40th Olympiad Women"]
[Site "Istanbul TUR"]
[Date "2012.09.09"]
[Round "11.5"]
[Board "4"]
[White "Kursova, Maria"]
[Black "Szczepkowska-Horowska, Karina"]
[Result "1/2-1/2"]
[WhiteTitle "WGM"]
[BlackTitle "WGM"]
[WhiteElo "2338"]
[BlackElo "2375"]
[WhiteTeam "Armenia"]
[BlackTeam "Poland"]
[WhiteFideId "4129709"]
[BlackFideId "1122681"]
[EventDate "2012.08.28"]

1. d4 Nf6 2. Nf3 g6 3. c4 Bg7 4. g3 c5 5. Bg2 cxd4 6. Nxd4 O-O 7. O-O d5 8. cxd5
Nxd5 9. Nc3 Nxc3 10. bxc3 Qc7 11. Rb1 Na6 12. Be3 Qxc3 13. Nb5 Qa5 14. Nxa7 Be6
15. Rxb7 Qxa2 16. Nc6 Rfe8 17. Rxe7 Bf6 18. Rxe8+ Rxe8 19. Qd6 Qxe2 20. Rc1 h5
21. Nd4 Qa2 22. Nxe6 Qxe6 23. Qxe6 Rxe6 24. Bd5 Re7 25. Kg2 Nc7 26. Ba2 Kg7 27.
Rc6 Ne6 28. h4 Rc7 29. Ra6 Re7 30. Bb3 Be5 31. Ba2 Bf6 32. Kf1 Be5 33. Kg2 1/2-1/2

[Event "40th Olympiad Women"]
[Site "Istanbul TUR"]
[Date "2012.09.09"]
[Round "11.6"]
[Board "1"]
[White "Cori T., Deysi"]
[Black "Foisor, Cristina-Adela"]
[Result "1-0"]
[WhiteTitle "WGM"]
[BlackTitle "IM"]
[WhiteElo "2413"]
[BlackElo "2402"]
[WhiteTeam "Peru"]
[BlackTeam "Romania"]
[WhiteFideId "3801934"]
[BlackFideId "1200496"]
[EventDate "2012.08.28"]

1. d4 Nf6 2. Nf3 g6 3. c4 Bg7 4. g3 O-O 5. Bg2 c6 6. Nc3 d5 7. cxd5 cxd5 8. Ne5
e6 9. O-O Nfd7 10. Nf3 Nc6 11. Re1 Nf6 12. Bf4 Ne4 13. Rc1 f5 14. e3 g5 15. Nxe4
gxf4 16. Nc5 fxe3 17. fxe3 Qd6 18. Qa4 Ne7 19. Nd3 Ng6 20. Qc2 Rd8 21. Qe2 Bf6
22. Qf2 Rf8 23. h4 Bd7 24. Nf4 Rac8 25. h5 Nxf4 26. exf4 Rxc1 27. Rxc1 Rc8 28.
Rxc8+ Bxc8 29. Ne5 Qc7 30. Kh2 Bxe5 31. fxe5 Qc1 32. g4 fxg4 33. Qf6 h6 34. Qg6+
Kf8 35. Qxg4 Qg5 36. Qxg5 hxg5 37. Bf1 Kg7 38. Bb5 Kh6 39. Be8 a5 40. a3 b6 41.
b4 axb4 42. axb4 g4 43. Kg3 Kg5 44. b5 Bb7 45. Bd7 Kxh5 46. Bxe6 Kg5 47. Bd7 Kg6
48. Kxg4 Kf7 49. Kf5 Ke7 50. e6 Ba8 51. Bc8 Kd8 52. Kf6 Kxc8 53. e7 Bb7 54.
e8=Q+ Kc7 55. Ke7 1-0

[Event "40th Olympiad Women"]
[Site "Istanbul TUR"]
[Date "2012.09.09"]
[Round "11.6"]
[Board "2"]
[White "Bulmaga, Irina"]
[Black "Aliaga Fernandez, Ingrid Y"]
[Result "1-0"]
[WhiteTitle "WIM"]
[BlackTitle "WFM"]
[WhiteElo "2380"]
[BlackElo "2169"]
[WhiteTeam "Romania"]
[BlackTeam "Peru"]
[WhiteFideId "13903063"]
[BlackFideId "3802191"]
[EventDate "2012.08.28"]

1. e4 c5 2. Nf3 e6 3. d4 cxd4 4. Nxd4 a6 5. Nc3 Qc7 6. Bd3 Nf6 7. O-O d6 8. Kh1
b5 9. a3 Be7 10. f4 O-O 11. Qf3 Bb7 12. Qh3 Nbd7 13. Bd2 Rfe8 14. b4 Bf8 15.
Rae1 g6 16. Nb3 Rab8 17. e5 Nh5 18. Be4 dxe5 19. Bxb7 Rxb7 20. fxe5 Nxe5 21. g4
Ng7 22. Ne4 Be7 23. Nbc5 f5 24. Bf4 fxe4 25. Nxb7 Rf8 26. Bxe5 Rxf1+ 27. Rxf1
Qxe5 28. Qg3 Qxg3 29. hxg3 h5 30. Re1 hxg4 31. Rxe4 Kf7 32. Nc5 Nf5 33. Kg2 Bd6
34. Nxe6 Bxg3 35. Nc5 Bd6 36. Nxa6 Kf6 37. a4 Nh4+ 38. Kh1 Kf5 39. Rd4 Be5 40.
Rd5 Ke4 41. Rxe5+ Kxe5 42. axb5 Nf5 43. b6 Nd6 44. c4 Nb7 45. c5 Kd5 46. b5 Na5
47. c6 Nxc6 48. b7 Ke5 1-0

[Event "40th Olympiad Women"]
[Site "Istanbul TUR"]
[Date "2012.09.09"]
[Round "11.6"]
[Board "3"]
[White "Casusol, Cecilia"]
[Black "Cosma, Elena-Luminita"]
[Result "0-1"]
[BlackTitle "WGM"]
[WhiteElo "2030"]
[BlackElo "2352"]
[WhiteTeam "Peru"]
[BlackTeam "Romania"]
[WhiteFideId "3803163"]
[BlackFideId "1201590"]
[EventDate "2012.08.28"]

1. e4 e6 2. d4 d5 3. Nd2 c5 4. Ngf3 Nf6 5. e5 Ne4 6. c3 Qb6 7. Qc2 Nxd2 8. Bxd2
Nc6 9. Be3 cxd4 10. cxd4 Bb4+ 11. Bd2 Bd7 12. a3 Bxd2+ 13. Qxd2 Na5 14. Qb4 Nb3
15. Qxb6 axb6 16. Rd1 Rc8 17. Bd3 Ke7 18. Ke2 Rc7 19. Ke3 Rhc8 20. h4 Ba4 21.
Rb1 h6 22. Nd2 Na5 23. g4 f6 24. f4 fxe5 25. fxe5 Nb3 26. Nxb3 Bxb3 27. Rbg1 Bc2
28. Rg2 Bxd3 29. Kxd3 Rf8 30. Ke3 Kd8 31. g5 Rcf7 32. Rh3 h5 33. g6 Rf1 34. Rc2
R8f4 35. Kd3 Rd1+ 36. Ke2 Rdxd4 37. Rhc3 Rde4+ 38. Kd1 Rf1+ 39. Kd2 Rf2+ 40. Kd3
Rxc2 41. Kxc2 Rxe5 42. Rf3 Rf5 43. Rb3 Rf2+ 44. Kd1 Rf6 45. Rxb6 Kc7 46. Rb3
Rxg6 47. Rc3+ Kb8 48. b4 e5 49. Ke2 Rg2+ 50. Kf3 Rg4 51. Rc5 Rd4 52. b5 Ka7 53.
Rc7 Rxh4 54. Rxg7 Kb6 55. Rg5 e4+ 56. Ke3 Kc5 57. a4 Rh3+ 58. Kf2 Rf3+ 59. Ke2
Ra3 60. Rxh5 Rxa4 61. Rh7 b6 62. Rh5 Rb4 63. Rh8 Rxb5 64. Rc8+ Kd4 65. Rc2 Rb3 0-1

[Event "40th Olympiad Women"]
[Site "Istanbul TUR"]
[Date "2012.09.09"]
[Round "11.6"]
[Board "4"]
[White "L'Ami, Alina"]
[Black "Chumpitaz, Ann"]
[Result "1/2-1/2"]
[WhiteTitle "WGM"]
[BlackTitle "WFM"]
[WhiteElo "2372"]
[BlackElo "2160"]
[WhiteTeam "Romania"]
[BlackTeam "Peru"]
[WhiteFideId "1210246"]
[BlackFideId "3804178"]
[EventDate "2012.08.28"]

1. d4 Nf6 2. c4 g6 3. Nf3 Bg7 4. g3 O-O 5. Bg2 d6 6. O-O Nc6 7. Nc3 a6 8. Bf4
Rb8 9. Rc1 Bf5 10. Qd2 Ne4 11. Nxe4 Bxe4 12. d5 Bxf3 13. exf3 Nd4 14. b4 e5 15.
Be3 Ra8 16. f4 Nf5 17. c5 Nxe3 18. fxe3 exf4 19. exf4 Qf6 20. cxd6 Qxd6 21. f5
c6 22. Rcd1 Rad8 23. fxg6 fxg6 24. Rxf8+ Bxf8 25. a3 Kh8 26. Qf2 Bg7 27. Qf7 Qd7
28. Qf4 Qd6 29. Qf7 Qd7 30. Qf1 Qd6 31. Bf3 cxd5 32. Rxd5 Qb6+ 33. Kg2 Rxd5 34.
Bxd5 Qc7 35. Qe2 Qd7 36. Qe4 b5 37. h4 Bb2 38. Qf3 Kg7 39. h5 Qf5 40. h6+ Kxh6
41. Qxf5 1/2-1/2

[Event "40th Olympiad Women"]
[Site "Istanbul TUR"]
[Date "2012.09.09"]
[Round "11.7"]
[Board "1"]
[White "Muminova, Nafisa"]
[Black "Pourkashiyan, Atousa"]
[Result "0-1"]
[WhiteTitle "WIM"]
[BlackTitle "WGM"]
[WhiteElo "2329"]
[BlackElo "2313"]
[WhiteTeam "Uzbekistan"]
[BlackTeam "Iran"]
[WhiteFideId "14201526"]
[BlackFideId "12502014"]
[EventDate "2012.08.28"]

1. e4 e5 2. Nf3 Nf6 3. Nxe5 d6 4. Nf3 Nxe4 5. Nc3 Nxc3 6. dxc3 Be7 7. Be3 Nc6 8.
Qd2 Be6 9. O-O-O Qd7 10. Kb1 a6 11. h4 h6 12. Bd3 Ne5 13. Bd4 Nxd3 14. Qxd3 Bf8
15. c4 O-O-O 16. Qc3 Rg8 17. Be3 Be7 18. Nd4 Bf6 19. Qd3 Rge8 20. f3 Bxc4 21.
Qd2 c5 22. Nb3 Qf5 23. Na5 Bxa2+ 24. Kxa2 Qe6+ 25. Kb1 Qxe3 26. Qd5 Qe7 27. Rd3
Rd7 28. Nc4 Kb8 29. Rhd1 Qd8 30. f4 Qc7 31. Ra3 Bxh4 32. Rdd3 Rc8 33. Rdb3 Qc6
34. Qf5 Bd8 35. Rxa6 Qxa6 36. Qxd7 Qc6 37. Qxf7 Bc7 38. Qxg7 Qe4 39. Qf7 Qxg2
40. f5 h5 41. Ne3 Qg8 42. Qxh5 c4 43. Ra3 Bb6 44. Ng4 Re8 45. f6 Re1+ 46. Ka2
Rf1 47. Qh3 c3+ 48. b3 Rc1 49. Qd3 Bc5 50. Ra4 Qg5 51. Qxc3 Qf5 52. Kb2 Rg1 53.
Nh2 Qg5 54. Ka2 Qf5 55. Rh4 Rg8 56. Nf3 Rf8 57. Rh6 Kc7 58. Nd4 Qe4 59. Nb5+ Kb6
60. Qc4 Ra8+ 61. Kb2 Qe1 62. Qa4 Rxa4 63. bxa4 Qb4+ 0-1

[Event "40th Olympiad Women"]
[Site "Istanbul TUR"]
[Date "2012.09.09"]
[Round "11.7"]
[Board "2"]
[White "Khademalsharieh, Sarasadat"]
[Black "Gevorgyan, Irina"]
[Result "1-0"]
[WhiteTitle "WIM"]
[BlackTitle "WFM"]
[WhiteElo "2270"]
[BlackElo "2178"]
[WhiteTeam "Iran"]
[BlackTeam "Uzbekistan"]
[WhiteFideId "12512214"]
[BlackFideId "14201437"]
[EventDate "2012.08.28"]

1. d4 d5 2. c4 e6 3. Nc3 c6 4. e4 dxe4 5. Nxe4 Bb4+ 6. Bd2 Qxd4 7. Bxb4 Qxe4+ 8.
Ne2 Na6 9. Bf8 Ne7 10. Bxg7 Rg8 11. Qd4 Qxd4 12. Bxd4 Nb4 13. Kd2 e5 14. Bxe5
Bf5 15. Nd4 O-O-O 16. Kc3 Na6 17. Nxf5 Nxf5 18. Bd3 Nd6 19. Rad1 Nc5 20. Bxd6
Rxd6 21. Bf5+ Kc7 22. Rxd6 Kxd6 23. g3 h6 24. Rd1+ Ke5 25. Bh7 Rh8 26. f4+ Ke6
27. Bc2 a5 28. a3 Rb8 29. b4 axb4+ 30. axb4 Na6 31. c5 f6 32. Re1+ Kf7 33. Bb3+
Kg6 34. Re7 f5 35. Re6+ Kg7 36. Re5 b6 37. Bc4 bxc5 38. Bxa6 cxb4+ 39. Kb3 h5
40. Rxf5 h4 41. Rg5+ Kf6 42. Bd3 Rd8 43. Bc2 Rd2 44. gxh4 Rxh2 45. h5 Rf2 46.
Rg6+ Kf7 47. f5 c5 48. Rc6 Rf3+ 49. Kb2 Rh3 50. Bb3+ Kf8 51. f6 c4 52. Bxc4 1-0

[Event "40th Olympiad Women"]
[Site "Istanbul TUR"]
[Date "2012.09.09"]
[Round "11.7"]
[Board "3"]
[White "Tohirjonova, Hulkar"]
[Black "Hejazipour, Mitra"]
[Result "1/2-1/2"]
[WhiteTitle "WFM"]
[BlackTitle "WIM"]
[WhiteElo "2147"]
[BlackElo "2237"]
[WhiteTeam "Uzbekistan"]
[BlackTeam "Iran"]
[WhiteFideId "14202247"]
[BlackFideId "12505951"]
[EventDate "2012.08.28"]

1. e4 c5 2. Nf3 e6 3. d4 cxd4 4. Nxd4 a6 5. Bd3 Nf6 6. O-O e5 7. Bg5 h6 8. Bxf6
Qxf6 9. Nb3 d6 10. Nc3 Nc6 11. Nd5 Qd8 12. Qe2 Be6 13. c4 Be7 14. Rad1 O-O 15.
Bb1 a5 16. a4 Nb4 17. Nc3 Qb6 18. Nc1 Rac8 19. b3 Rfd8 20. N1a2 Nc6 21. Nb5 Qc5
22. Nac3 Nb4 23. Na2 Nc6 24. Nac3 Nb4 25. Kh1 Bg5 26. Na2 Nc6 27. Rd3 Rd7 28.
Rfd1 Rcd8 29. Qf3 g6 30. Kg1 Kg7 31. Qg3 Bf4 32. Qf3 Bg5 33. Qg3 Bf4 34. Qf3 Bg5
35. Qe2 Kg8 36. Kh1 Kg7 37. f3 h5 38. Qe1 h4 39. Qg1 Be7 40. Qe3 Qxe3 41. Rxe3
f5 42. Nac3 f4 43. Re2 Nb4 44. h3 Rc8 45. Red2 Rcd8 46. Kg1 Kf6 47. Kf2 Kg7 48.
Ke2 Kf6 49. Na2 Na6 50. Kd3 Rc8 51. Ke2 Rcd8 52. Bc2 Kg7 53. Nc1 Kf6 54. Nd3 Rc8
55. Bb1 Rcd8 56. Nc3 Rc8 57. Nf2 Nb4 58. Nb5 Rcd8 59. Nd3 Na6 60. Rc1 Rc8 61.
Rdc2 Bd8 62. Rd1 Bb6 63. Nc1 Ke7 64. Na2 Be3 65. Nac3 Nb4 66. Rb2 g5 67. Bd3 Na6
68. Rdb1 Nc5 1/2-1/2

[Event "40th Olympiad Women"]
[Site "Istanbul TUR"]
[Date "2012.09.09"]
[Round "11.8"]
[Board "1"]
[White "Matnadze, Ana"]
[Black "Dzagnidze, Nana"]
[Result "0-1"]
[WhiteTitle "IM"]
[BlackTitle "GM"]
[WhiteElo "2422"]
[BlackElo "2547"]
[WhiteTeam "Spain"]
[BlackTeam "Georgia"]
[WhiteFideId "13601377"]
[BlackFideId "13601903"]
[EventDate "2012.08.28"]

1. d4 d5 2. Nf3 Nf6 3. g3 c6 4. Bg2 Bg4 5. O-O Nbd7 6. c4 e6 7. Nc3 dxc4 8. a4
a5 9. e4 Bb4 10. Qe2 e5 11. d5 Rc8 12. Rd1 cxd5 13. exd5 O-O 14. h3 Bh5 15. g4
Bg6 16. Ne1 Re8 17. d6 e4 18. Bg5 h6 19. Bh4 Re6 20. Nb5 Ne5 21. Bg3 Nd3 22. Nc2
Nd5 23. Ncd4 Rxd6 24. Nxd6 Bxd6 25. Bxd6 Qxd6 26. Nf5 Bxf5 27. gxf5 Re8 28. Rf1
Qf6 29. Qg4 N5f4 30. Kh1 h5 31. Qg3 Qxf5 32. Rad1 Re6 33. Qe3 Qe5 34. Rg1 Nd5
35. Qe2 N5f4 36. Qe3 Qxb2 37. Rd2 Qe5 38. f3 f5 39. fxe4 fxe4 40. Rc2 Nd5 41.
Qa7 b6 42. Rb1 Ne3 43. Rb5 Nc5 44. Re2 Nf5 45. Re1 Ng3+ 46. Kg1 Qd4+ 47. Kh2 Qd6
48. Kg1 Rg6 49. Rbb1 Nd3 50. Red1 Ne2+ 51. Kh1 Nf2# 0-1

[Event "40th Olympiad Women"]
[Site "Istanbul TUR"]
[Date "2012.09.09"]
[Round "11.8"]
[Board "3"]
[White "Vega Gutierrez, Sabrina"]
[Black "Khurtsidze, Nino"]
[Result "1/2-1/2"]
[WhiteTitle "WGM"]
[BlackTitle "IM"]
[WhiteElo "2355"]
[BlackElo "2444"]
[WhiteTeam "Spain"]
[BlackTeam "Georgia"]
[WhiteFideId "2219026"]
[BlackFideId "13600320"]
[EventDate "2012.08.28"]

1. e4 c5 2. Nf3 e6 3. d4 cxd4 4. Nxd4 a6 5. Be2 Nf6 6. Nc3 d6 7. O-O Qc7 8. f4
Be7 9. Be3 Nbd7 10. Bf3 Nb6 11. Bf2 O-O 12. Kh1 e5 13. Nde2 Bd7 14. a4 Rac8 15.
b3 Bc6 16. g4 Rfe8 17. g5 Nfd7 18. a5 Na8 19. Rg1 exf4 20. Bg4 Bxg5 21. Bxd7
Rxe4 22. Bxc6 Qxc6 23. Qd5 Qxd5 24. Nxd5 Rxe2 25. Rxg5 Rcxc2 26. Bd4 Rxh2+ 27.
Kg1 g6 28. Nb4 Rcd2 29. Bf6 f3 30. Rf1 h6 31. Rg3 Nc7 32. Rfxf3 Rhe2 33. Bc3
Rd1+ 34. Rf1 Rxf1+ 35. Kxf1 Re4 36. Rd3 Re6 37. Bd2 g5 38. Rc3 Re7 39. Be3 f5
40. Bb6 Nb5 41. Rc8+ Kf7 42. Rh8 Kg7 43. Rd8 f4 44. Nd5 Rf7 45. Nc3 Nxc3 46.
Bd4+ Kg6 47. Rxd6+ Kf5 48. Bxc3 Rc7 49. Rd5+ Ke4 50. Re5+ Kf3 51. Be1 g4 52. Rh5
Rc6 53. Rh4 Rd6 54. Rh2 g3 55. Rc2 Rd7 56. Rc3+ Kg4 57. Kg2 Rg7 58. Rc4 Kf5 59.
Kf3 g2 60. Rxf4+ Ke6 61. Bf2 g1=Q 62. Bxg1 Rxg1 63. Rb4 Rg7 64. Rb6+ Kd5 65.
Rxh6 Kd4 66. Rb6 Rg5 67. Rxb7 Rxa5 68. Ke2 Kc3 69. Rb6 Re5+ 70. Kd1 a5 71. Rb8
Rh5 72. Rb7 Rh1+ 73. Ke2 Rb1 74. Rb5 Rb2+ 75. Kd1 Ra2 76. Rb8 Ra1+ 77. Ke2 Ra3
78. Rb5 Kc2 79. Ke1 Kd3 80. Rd5+ Kc2 81. Rb5 Kc3 82. Kd1 Ra1+ 1/2-1/2

[Event "40th Olympiad Women"]
[Site "Istanbul TUR"]
[Date "2012.09.09"]
[Round "11.8"]
[Board "4"]
[White "Batsiashvili, Nino"]
[Black "Hernandez Estevez, Yudania"]
[Result "1-0"]
[WhiteTitle "WGM"]
[BlackTitle "WIM"]
[WhiteElo "2432"]
[BlackElo "2252"]
[WhiteTeam "Georgia"]
[BlackTeam "Spain"]
[WhiteFideId "13602993"]
[BlackFideId "2219344"]
[EventDate "2012.08.28"]

1. d4 d5 2. c4 c6 3. Nf3 Nf6 4. e3 Bf5 5. Nc3 e6 6. Nh4 Bg6 7. Qb3 Qb6 8. Bd2
Nbd7 9. cxd5 exd5 10. Nxg6 hxg6 11. Bd3 Bd6 12. h3 O-O 13. g4 Rfe8 14. g5 Nh7
15. Qxb6 axb6 16. h4 b5 17. Ne2 Nhf8 18. f4 f6 19. Kf2 Kf7 20. a3 Nb6 21. Rag1
Nc4 22. Bc1 b4 23. axb4 Bxb4 24. h5 gxh5 25. g6+ Ke6 26. Ng3 Nd6 27. f5+ Kd7 28.
Nxh5 Re7 29. Nxf6+ Kc7 30. Rh8 Rd8 31. Nh5 Red7 32. Nf4 Kb6 33. f6 Ne8 34. f7
Nf6 35. Rg8 Re7 36. Rxg7 Ne6 37. Nxe6 Rxe6 38. Bf5 Red6 39. Rh1 c5 40. Ke2 c4
41. Bd2 Kb5 42. Bc2 Ra6 43. Bxb4 Kxb4 44. f8=Q+ 1-0

[Event "40th Olympiad Women"]
[Site "Istanbul TUR"]
[Date "2012.09.09"]
[Round "11.9"]
[Board "3"]
[White "Goletiani, Rusudan"]
[Black "Klinova, Masha"]
[Result "1-0"]
[WhiteTitle "IM"]
[BlackTitle "IM"]
[WhiteElo "2341"]
[BlackElo "2317"]
[WhiteTeam "United States of America"]
[BlackTeam "Israel"]
[WhiteFideId "13601105"]
[BlackFideId "2802015"]
[EventDate "2012.08.28"]

1. Nf3 Nf6 2. c4 c6 3. Nc3 d5 4. e3 Bg4 5. cxd5 Bxf3 6. Qxf3 cxd5 7. Bb5+ Nc6 8.
d4 e6 9. O-O Be7 10. Qe2 O-O 11. Bd3 a6 12. Bd2 b5 13. Rac1 Qb6 14. f4 Na5 15.
g4 Nc4 16. g5 Ne8 17. Rf3 g6 18. Be1 f5 19. gxf6 Bxf6 20. Kh1 Ng7 21. Rh3 Nf5
22. Bf2 Ncd6 23. Rg1 Rae8 24. Qg4 Qb7 25. Qg2 Qg7 26. Nb1 Rc8 27. Nd2 Qf7 28.
Nb3 Nc4 29. e4 dxe4 30. Bxe4 Ncd6 31. Bb1 Nc4 32. d5 Bg7 33. Be4 Ne7 34. Bc5
exd5 35. Bxe7 dxe4 36. Bxf8 Rxf8 37. Qxe4 Qxf4 38. Qe6+ Qf7 39. Qxf7+ Rxf7 40.
Rd3 Bxb2 41. Rgd1 Rf2 42. Rd7 Bf6 43. Nc5 Rxa2 44. Ne4 Be5 45. Ra7 Ra1 46. Rxa1
Bxa1 47. Rxa6 Be5 48. Ra7 Nd6 49. Nxd6 Bxd6 50. Rb7 b4 51. Kg2 h5 52. Rb6 Be7
53. Rxg6+ Kf7 54. Rb6 Ke8 55. Kf3 Kd7 56. Rb7+ Ke6 57. Ke4 h4 58. Rb6+ Kd7 59.
Kd5 Kc7 60. Rc6+ Kd7 61. Ra6 Bd8 62. Ra7+ Bc7 63. h3 b3 64. Rb7 b2 65. Rxb2 Bg3
66. Rb7+ Ke8 67. Ke6 Kd8 68. Rd7+ Ke8 69. Rd5 Kf8 70. Kf6 Ke8 71. Rd4 Bf2 72.
Rd3 Bg3 73. Rd2 Bf4 74. Rd5 Bg3 75. Ke6 Kf8 76. Rg5 Be1 77. Rg6 Bg3 78. Rg4 Be1
79. Re4 Bg3 80. Kf6 Bf2 81. Kg6 Bg3 82. Kf6 Bf2 83. Re2 Bg3 84. Re3 Bf2 85. Re4
Bg3 86. Kg6 1-0

[Event "40th Olympiad Women"]
[Site "Istanbul TUR"]
[Date "2012.09.09"]
[Round "11.10"]
[Board "1"]
[White "Ziaziulkina, Nastassia"]
[Black "Mamedjarova, Zeinab"]
[Result "1-0"]
[WhiteTitle "WGM"]
[BlackTitle "WGM"]
[WhiteElo "2342"]
[BlackElo "2285"]
[WhiteTeam "Belarus"]
[BlackTeam "Azerbaijan"]
[WhiteFideId "13505211"]
[BlackFideId "13401521"]
[EventDate "2012.08.28"]

1. e4 e5 2. Nf3 Nf6 3. d4 Nxe4 4. Bd3 d5 5. Nxe5 Nd7 6. Nxd7 Bxd7 7. O-O Bd6 8.
c4 c6 9. cxd5 cxd5 10. Nc3 Nxc3 11. bxc3 O-O 12. Qh5 g6 13. Qxd5 Qc7 14. g3 Be6
15. Qf3 Qxc3 16. Rb1 Qxd4 17. Be4 f5 18. Bxb7 Rad8 19. Bb2 Qc5 20. Rfc1 Qb4 21.
Bd5 Rde8 22. Re1 Kf7 23. Rxe6 Rxe6 24. Qe2 Re8 25. Re1 Qe4 26. Qxe4 fxe4 27.
Rxe4 Bc5 28. Kg2 h5 29. f4 a5 30. h3 a4 31. g4 a3 32. Bc3 hxg4 33. hxg4 Bd6 34.
Kf3 Bc7 35. f5 gxf5 36. gxf5 Bd6 37. Rxe6 Rxe6 38. Bxe6+ Ke8 39. Ke4 Bf8 40. Kd5
Kd8 41. Kc4 Bh6 42. Bb4 Bg5 43. Bxa3 Bf6 44. Bc5 1-0